000 00254nam a22001097a 4500
082 _aERA
100 _aEran Sher
245 _aHand book of air pollution from internal combustion engine
260 _aLondon
_bAcadamic
_c1998
300 _a663
942 _cBK
999 _c55088
_d55085